000 02415nam a2200349 i 4500
001 130883
003 ES-MaACL
005 20240827063032.0
007 t|
008 070810s2007 sp ||||0| spa d ..|
015 _aMON0706
020 _a9788426415974
040 _aM-BN
_bspa
_cM-BN
080 _a821.134.2-84"19"
100 1 _aMartín Garzo, Gustavo,
_d1948-
_9234309
_eaut
245 1 3 _aEl cuarto de al lado /
_cGustavo Martín Garzo
250 _aPrimera edición: marzo de 2007
260 _a[Barcelona] :
_bLumen,
_c2007
300 _a260 páginas ;
_c21 cm.
490 1 _aMemorias y biografías
500 _aÍndice
520 _aA menudo nos preguntamos de dónde vienen las grandes novelas, cómo nacen esos personajes que se quedan luego pegados a la piel del lector, dónde encontró el escritor inspiración para crear cierta atmósfera. En los fragmentos que Gustavo Martín Garzo ha reunido en este personalísimo Cuarto de al lado esté quizá la respuesta: en las manos de un escritor de talento, cualquier detalle de la vida cotidiana puede convertirse en materia narrativa. Así, la imagen fugaz de una mujer tendiendo ropa o la de un tendero exponiendo naranjas, las travesuras de unos niños, el gesto de una vieja dama a la hora de morir, una emoción inesperada, las palabras de un amigo o un poema antiguo leído a altas horas de la noche crean un espacio donde la palabra empieza a crecer y madurar hasta ser historia. De estos fragmentos de realidad privilegiada se compone El cuarto de al lado, unas notas que proceden de cuadernos escritos a lo largo de los años y que ahora se publican por primera vez. Martín Garzo nos propone que las leamos como pequeños cuentos; pequeños, sí, pero hermosos e intensos, capaces de iluminar ese lugar incierto donde está la buena literatura.
830 0 _aMemorias y biografías (Editorial Lumen)
_9234392
852 _aES-MaACL
_jN-1731
_bR.142111
_9135654
_cHEM
852 _aES-MaACL
_jN-9435
_bR. 154663
_9200693
_cDEPOJ
_xEncuadernación cartoné con sobrecubiertas
_gDedicatoria autógrafa del autor
_hDonación: Gustavo Martín Garzo
903 _9234309
_aMartín Garzo, Gustavo,
_d1948-
_ednr
942 _n0
_cMONOGRAFIA
999 _c130883
_d130883